000 00425nam a2200157 i 4500
001 bg
100 1 _aPOKROVSKIJ, G. I.
245 0 _aVozvedenije gidrotechniceskich zemljanych sooruzenij napravlennym vzryvom /
_cG.I. Pokrovskij, I.S. Fedorov.
260 _aMoskva,
_c1971.
700 1 _aFEDOROV, I. S.
040 _cBPK
041 _apol
080 _a624.13
942 _cKS
008 s pl f |000 0 pol
999 _c15375
_d15375
856 _uhttp://koha.tu.koszalin.pl/cgi-bin/koha/opac-detail.pl?biblionumber=15375
_yKatalog online BPK